000 01307cam a22003134a 4500
001 13474284
003 NUST-PNEC
005 20170116180702.0
008 040130s2004 njua b 001 0 eng
010 _a 2004001895
020 _a0131134132
040 _aDLC
_cPNEC
042 _apcc
050 0 0 _aTS155.63
_b.R45 2004
082 0 0 _a670.285 REH
100 1 _aRehg, James A.
245 1 0 _aComputer-integrated manufacturing /
_cJames A. Rehg, Henry W. Kraebber.
250 _a3rd ed.
260 _aUpper Saddle River, NJ :
_bPearson Prentice Hall,
_cc2004.
300 _axvii, 574 p. :
_bill. ;
_c24 cm.
_e+ 1 CD-ROM (4 3/4 in.)
500 _ahttp://www.amazon.com/Computer-Integrated-Manufacturing-James-Rehg/dp/0131134132/ref=sr_1_1?s=books&ie=UTF8&qid=1410496214&sr=1-1&keywords=0131134132
504 _aIncludes bibliographical references and index.
650 0 _aComputer integrated manufacturing systems.
_xIME, MS CONTROL
700 1 _aKraebber, Henry W.
856 4 1 _3Table of contents
_uhttp://www.loc.gov/catdir/toc/ecip0414/2004001895.html
906 _a7
_bcbc
_corignew
_d1
_eecip
_f20
_gy-gencatlg
942 _2ddc
_cBK
999 _c60600
_d60600